| Tag |
First Indicator |
Second Indicator |
Subfields |
| LEADER |
00000cas a2200000 4500 |
| 001 |
in00000304523 |
| 005 |
20151010092808.0 |
| 008 |
751101c19669999enkbr p 0 a0eng |
| 010 |
|
|
|a sf 80001279
|
| 022 |
0 |
|
|a 0031-9120
|
| 035 |
|
|
|a (OCoLC)ocm01762342
|
| 035 |
|
|
|a (OCoLC)01762342
|
| 035 |
|
|
|9 ABG7331AM
|
| 040 |
|
|
|a DLC
|c MUL
|d OCL
|d COO
|d NYG
|d HUL
|d DLC
|d NSD
|d OCL
|d SER
|d OCL
|d AIP
|d DLC
|d NST
|d NSD
|d NST
|d NSD
|d NST
|d IUL
|d NST
|d IXA
|d MYG
|d GUA
|d NYP
|d SYS
|d OCL
|d OCLCQ
|d UtOrBLW
|
| 042 |
|
|
|a lc
|
| 049 |
|
|
|a TXAM
|
| 050 |
0 |
0 |
|a QC30
|b .P46
|
| 210 |
0 |
|
|a Phys. educ.
|
| 222 |
|
0 |
|a Physics education
|
| 245 |
0 |
0 |
|a Physics education.
|
| 264 |
|
1 |
|a [London] :
|b [Institute of Physics, etc.]
|
| 300 |
|
|
|a volumes :
|b illustrations ;
|c 25 cm.
|
| 310 |
|
|
|a Bimonthly
|b <, 1982- >
|
| 321 |
|
|
|a Four times a year,
|b 1966-
|
| 321 |
|
|
|a 7 no. a year
|b <, 1980- >
|
| 336 |
|
|
|a text
|b txt
|2 rdacontent
|
| 337 |
|
|
|a unmediated
|b n
|2 rdamedia
|
| 338 |
|
|
|a volume
|b nc
|2 rdacarrier
|
| 362 |
0 |
|
|a v. 1- May 1966-
|
| 510 |
2 |
|
|a Chemical abstracts
|x 0009-2258
|b 1966-1983
|
| 550 |
|
|
|a Vols. for 1966-70 published by the Institute of Physics and the Physical Society; 1971- by the Institute of Physics.
|
| 650 |
|
0 |
|a Physics
|x Study and teaching
|v Periodicals.
|
| 710 |
2 |
|
|a Institute of Physics and the Physical Society.
|
| 710 |
2 |
|
|a Institute of Physics (Great Britain)
|
| 776 |
1 |
|
|t Physics education (Online)
|w (DLC)sn 96036189
|w (OCoLC)34482101
|
| 850 |
|
|
|a CU-A
|a CaNSTT
|a CtHT
|a DLC
|a GU
|a IEN
|a IaAS
|a IaU
|a InU
|a MMeT
|a MiD
|a MsU
|a MtBC
|a NcU
|a NjR
|a NmU
|a OrU
|a PPPCPh
|a PPiC
|a PU
|a TxDaM
|a TxLT
|a TxU
|a UU
|a ViU
|
| 891 |
3 |
0 |
|9 853
|8 1
|a v.
|b no.
|i (year)
|j (month)
|
| 891 |
4 |
0 |
|9 863
|8 1
|a <4>-
|i <1969>-
|x provisional
|
| 936 |
|
|
|a Nov. 1980
|
| 949 |
|
|
|a MFHD URL added
|b h
|c 2003/4/8
|e rstovall5
|f 5:28:59 pm
|
| 994 |
|
|
|a E0
|b TXA
|
| 999 |
|
|
|a MARS
|
| 999 |
f |
f |
|s cdbbed7d-6815-3f19-92da-c6a578ceee20
|i c35e5727-1f7d-3336-b99f-8d6694986421
|t 0
|
| 952 |
f |
f |
|p ric
|a Texas A&M University
|b Rellis Campus
|c Joint Library Facility
|d Remote Storage
|t 0
|e QC1 .P657
|h Library of Congress classification
|i unmediated -- volume
|k v.29
|l 1994
|m A14818840461
|
| 952 |
f |
f |
|p ric
|a Texas A&M University
|b Rellis Campus
|c Joint Library Facility
|d Remote Storage
|t 0
|e QC1 .P657
|h Library of Congress classification
|i unmediated -- volume
|k v.36
|l 2001
|m A14828783954
|
| 952 |
f |
f |
|p ric
|a Texas A&M University
|b Rellis Campus
|c Joint Library Facility
|d Remote Storage
|t 0
|e QC1 .P657
|h Library of Congress classification
|i unmediated -- volume
|k v.9
|l 1974
|m A14831989315
|
| 952 |
f |
f |
|p ric
|a Texas A&M University
|b Rellis Campus
|c Joint Library Facility
|d Remote Storage
|t 0
|e QC1 .P657
|h Library of Congress classification
|i unmediated -- volume
|k v.12
|l 1977
|m A14839431421
|
| 952 |
f |
f |
|p ric
|a Texas A&M University
|b Rellis Campus
|c Joint Library Facility
|d Remote Storage
|t 0
|e QC1 .P657
|h Library of Congress classification
|i unmediated -- volume
|k v.45:no.1-3
|l 2010:Jan.-May
|m A14841265894
|
| 952 |
f |
f |
|p ric
|a Texas A&M University
|b Rellis Campus
|c Joint Library Facility
|d Remote Storage
|t 0
|e QC1 .P657
|h Library of Congress classification
|i unmediated -- volume
|k v.43:no.4-6
|l 2008:July-Dec.
|m A14834790749
|
| 952 |
f |
f |
|p ric
|a Texas A&M University
|b Rellis Campus
|c Joint Library Facility
|d Remote Storage
|t 0
|e QC1 .P657
|h Library of Congress classification
|i unmediated -- volume
|k v.46:no.1-3
|l 2011:Jan.-May
|m A14841510922
|
| 952 |
f |
f |
|p ric
|a Texas A&M University
|b Rellis Campus
|c Joint Library Facility
|d Remote Storage
|t 0
|e QC1 .P657
|h Library of Congress classification
|i unmediated -- volume
|k v.39
|l 2004
|m A14833711360
|
| 952 |
f |
f |
|p ric
|a Texas A&M University
|b Rellis Campus
|c Joint Library Facility
|d Remote Storage
|t 0
|e QC1 .P657
|h Library of Congress classification
|i unmediated -- volume
|k v.30
|l 1995
|m A14821520347
|
| 952 |
f |
f |
|p ric
|a Texas A&M University
|b Rellis Campus
|c Joint Library Facility
|d Remote Storage
|t 0
|e QC1 .P657
|h Library of Congress classification
|i unmediated -- volume
|k v.41
|l 2006
|m A14835883456
|
| 952 |
f |
f |
|p ric
|a Texas A&M University
|b Rellis Campus
|c Joint Library Facility
|d Remote Storage
|t 0
|e QC1 .P657
|h Library of Congress classification
|i unmediated -- volume
|k v.8
|l 1973
|m A14839431390
|
| 952 |
f |
f |
|p ric
|a Texas A&M University
|b Rellis Campus
|c Joint Library Facility
|d Remote Storage
|t 0
|e QC1 .P657
|h Library of Congress classification
|i unmediated -- volume
|k v.27
|l 1992
|m A14817181050
|
| 952 |
f |
f |
|p ric
|a Texas A&M University
|b Rellis Campus
|c Joint Library Facility
|d Remote Storage
|t 0
|e QC1 .P657
|h Library of Congress classification
|i unmediated -- volume
|k v.10
|l 1975
|m A14839431405
|
| 952 |
f |
f |
|p ric
|a Texas A&M University
|b Rellis Campus
|c Joint Library Facility
|d Remote Storage
|t 0
|e QC1 .P657
|h Library of Congress classification
|i unmediated -- volume
|k v.7
|l 1972
|m A14839431382
|
| 952 |
f |
f |
|p ric
|a Texas A&M University
|b Rellis Campus
|c Joint Library Facility
|d Remote Storage
|t 0
|e QC1 .P657
|h Library of Congress classification
|i unmediated -- volume
|k v.44:no.1-3
|l 2009:Jan.-May
|m A14838835892
|
| 952 |
f |
f |
|p ric
|a Texas A&M University
|b Rellis Campus
|c Joint Library Facility
|d Remote Storage
|t 0
|e QC1 .P657
|h Library of Congress classification
|i unmediated -- volume
|k v.35
|l 2000
|m A14828544287
|
| 952 |
f |
f |
|p ric
|a Texas A&M University
|b Rellis Campus
|c Joint Library Facility
|d Remote Storage
|t 0
|e QC1 .P657
|h Library of Congress classification
|i unmediated -- volume
|k v.49:no.1-3
|l 2014:Jan.-May
|m A14843116626
|
| 952 |
f |
f |
|p ric
|a Texas A&M University
|b Rellis Campus
|c Joint Library Facility
|d Remote Storage
|t 0
|e QC1 .P657
|h Library of Congress classification
|i unmediated -- volume
|k v.42:no.4-6
|l 2007July-Nov.
|m A14836418775
|
| 952 |
f |
f |
|p ric
|a Texas A&M University
|b Rellis Campus
|c Joint Library Facility
|d Remote Storage
|t 0
|e QC1 .P657
|h Library of Congress classification
|i unmediated -- volume
|k v.33
|l 1998
|m A14824040257
|
| 952 |
f |
f |
|p ric
|a Texas A&M University
|b Rellis Campus
|c Joint Library Facility
|d Remote Storage
|t 0
|e QC1 .P657
|h Library of Congress classification
|i unmediated -- volume
|k v.45:no.4-6
|l 2010:July-Nov.
|m A14841265886
|
| 952 |
f |
f |
|p ric
|a Texas A&M University
|b Rellis Campus
|c Joint Library Facility
|d Remote Storage
|t 0
|e QC1 .P657
|h Library of Congress classification
|i unmediated -- volume
|k v.34
|l 1999
|m A14826395640
|
| 952 |
f |
f |
|p ric
|a Texas A&M University
|b Rellis Campus
|c Joint Library Facility
|d Remote Storage
|t 0
|e QC1 .P657
|h Library of Congress classification
|i unmediated -- volume
|k v.22
|l 1987
|m A14811403404
|
| 952 |
f |
f |
|p ric
|a Texas A&M University
|b Rellis Campus
|c Joint Library Facility
|d Remote Storage
|t 0
|e QC1 .P657
|h Library of Congress classification
|i unmediated -- volume
|k v.43:no.1-3
|l 2008:Jan.-May
|m A14834758802
|
| 952 |
f |
f |
|p ric
|a Texas A&M University
|b Rellis Campus
|c Joint Library Facility
|d Remote Storage
|t 0
|e QC1 .P657
|h Library of Congress classification
|i unmediated -- volume
|k v.25
|l 1990
|m A14812948774
|
| 952 |
f |
f |
|p ric
|a Texas A&M University
|b Rellis Campus
|c Joint Library Facility
|d Remote Storage
|t 0
|e QC1 .P657
|h Library of Congress classification
|i unmediated -- volume
|k v.31
|l 1996
|m A14821520397
|
| 952 |
f |
f |
|p ric
|a Texas A&M University
|b Rellis Campus
|c Joint Library Facility
|d Remote Storage
|t 0
|e QC1 .P657
|h Library of Congress classification
|i unmediated -- volume
|k v.47:no.4-6
|l 2012:July-Nov.
|m A14841853154
|
| 952 |
f |
f |
|p ric
|a Texas A&M University
|b Rellis Campus
|c Joint Library Facility
|d Remote Storage
|t 0
|e QC1 .P657
|h Library of Congress classification
|i unmediated -- volume
|k v.11
|l 1976
|m A14839431413
|
| 952 |
f |
f |
|p ric
|a Texas A&M University
|b Rellis Campus
|c Joint Library Facility
|d Remote Storage
|t 0
|e QC1 .P657
|h Library of Congress classification
|i unmediated -- volume
|k v.6
|l 1971
|m A14839431374
|
| 952 |
f |
f |
|p ric
|a Texas A&M University
|b Rellis Campus
|c Joint Library Facility
|d Remote Storage
|t 0
|e QC1 .P657
|h Library of Congress classification
|i unmediated -- volume
|k v.28
|l 1993
|m A14817940959
|
| 952 |
f |
f |
|p ric
|a Texas A&M University
|b Rellis Campus
|c Joint Library Facility
|d Remote Storage
|t 0
|e QC1 .P657
|h Library of Congress classification
|i unmediated -- volume
|k v.47:no.1-3
|l 2012:Jan.-May
|m A14841853188
|
| 952 |
f |
f |
|p ric
|a Texas A&M University
|b Rellis Campus
|c Joint Library Facility
|d Remote Storage
|t 0
|e QC1 .P657
|h Library of Congress classification
|i unmediated -- volume
|k v.24
|l 1989
|m A14812040649
|
| 952 |
f |
f |
|p ric
|a Texas A&M University
|b Rellis Campus
|c Joint Library Facility
|d Remote Storage
|t 0
|e QC1 .P657
|h Library of Congress classification
|i unmediated -- volume
|k v.5
|l 1970
|m A14809988676
|
| 952 |
f |
f |
|p ric
|a Texas A&M University
|b Rellis Campus
|c Joint Library Facility
|d Remote Storage
|t 0
|e QC1 .P657
|h Library of Congress classification
|i unmediated -- volume
|k v.32
|l 1997
|m A14823329098
|
| 952 |
f |
f |
|p ric
|a Texas A&M University
|b Rellis Campus
|c Joint Library Facility
|d Remote Storage
|t 0
|e QC1 .P657
|h Library of Congress classification
|i unmediated -- volume
|k v.48:no.4-6
|l 2013:July-Nov.
|m A14842309180
|
| 952 |
f |
f |
|p ric
|a Texas A&M University
|b Rellis Campus
|c Joint Library Facility
|d Remote Storage
|t 0
|e QC1 .P657
|h Library of Congress classification
|i unmediated -- volume
|k v.16
|l 1981
|m A14839431455
|
| 952 |
f |
f |
|p ric
|a Texas A&M University
|b Rellis Campus
|c Joint Library Facility
|d Remote Storage
|t 0
|e QC1 .P657
|h Library of Congress classification
|i unmediated -- volume
|k v.49:no.4-6
|l 2014:July-Nov.
|m A14843116618
|
| 952 |
f |
f |
|p ric
|a Texas A&M University
|b Rellis Campus
|c Joint Library Facility
|d Remote Storage
|t 0
|e QC1 .P657
|h Library of Congress classification
|i unmediated -- volume
|k v.20
|l 1985
|m A14839431471
|
| 952 |
f |
f |
|p ric
|a Texas A&M University
|b Rellis Campus
|c Joint Library Facility
|d Remote Storage
|t 0
|e QC1 .P657
|h Library of Congress classification
|i unmediated -- volume
|k v.48:no.1-3
|l 2013:Jan.-May
|m A14842309172
|
| 952 |
f |
f |
|p ric
|a Texas A&M University
|b Rellis Campus
|c Joint Library Facility
|d Remote Storage
|t 0
|e QC1 .P657
|h Library of Congress classification
|i unmediated -- volume
|k v.23
|l 1988
|m A14811732049
|
| 952 |
f |
f |
|p ric
|a Texas A&M University
|b Rellis Campus
|c Joint Library Facility
|d Remote Storage
|t 0
|e QC1 .P657
|h Library of Congress classification
|i unmediated -- volume
|k v.40:no.4-6
|l 2005:Aug.-Dec.
|m A14833466347
|
| 952 |
f |
f |
|p ric
|a Texas A&M University
|b Rellis Campus
|c Joint Library Facility
|d Remote Storage
|t 0
|e QC1 .P657
|h Library of Congress classification
|i unmediated -- volume
|k v.40:no.1-3
|l 2005:Jan.-June
|m A14833464905
|
| 952 |
f |
f |
|p ric
|a Texas A&M University
|b Rellis Campus
|c Joint Library Facility
|d Remote Storage
|t 0
|e QC1 .P657
|h Library of Congress classification
|i unmediated -- volume
|k v.50:no.1-3
|l 2015:Jan.-May
|m A14843319816
|
| 952 |
f |
f |
|p ric
|a Texas A&M University
|b Rellis Campus
|c Joint Library Facility
|d Remote Storage
|t 0
|e QC1 .P657
|h Library of Congress classification
|i unmediated -- volume
|k v.44:no.4-6
|l 2009:July-Nov.
|m A14838976729
|
| 952 |
f |
f |
|p ric
|a Texas A&M University
|b Rellis Campus
|c Joint Library Facility
|d Remote Storage
|t 0
|e QC1 .P657
|h Library of Congress classification
|i unmediated -- volume
|k v.37
|l 2002
|m A14830985122
|
| 952 |
f |
f |
|p ric
|a Texas A&M University
|b Rellis Campus
|c Joint Library Facility
|d Remote Storage
|t 0
|e QC1 .P657
|h Library of Congress classification
|i unmediated -- volume
|k v.26
|l 1991
|m A14815531712
|
| 952 |
f |
f |
|p ric
|a Texas A&M University
|b Rellis Campus
|c Joint Library Facility
|d Remote Storage
|t 0
|e QC1 .P657
|h Library of Congress classification
|i unmediated -- volume
|k v.46:no.4-6
|l 2011:July-Nov.
|m A14841510859
|
| 952 |
f |
f |
|p ric
|a Texas A&M University
|b Rellis Campus
|c Joint Library Facility
|d Remote Storage
|t 0
|e QC1 .P657
|h Library of Congress classification
|i unmediated -- volume
|k v.38
|l 2003
|m A14830985083
|
| 952 |
f |
f |
|p ric
|a Texas A&M University
|b Rellis Campus
|c Joint Library Facility
|d Remote Storage
|t 0
|e QC1 .P657
|h Library of Congress classification
|i unmediated -- volume
|k v.19
|l 1984
|m A14839431463
|
| 952 |
f |
f |
|p ric
|a Texas A&M University
|b Rellis Campus
|c Joint Library Facility
|d Remote Storage
|t 0
|e QC1 .P657
|h Library of Congress classification
|i unmediated -- volume
|k v.13
|l 1978
|m A14839431439
|
| 952 |
f |
f |
|p ric
|a Texas A&M University
|b Rellis Campus
|c Joint Library Facility
|d Remote Storage
|t 0
|e QC1 .P657
|h Library of Congress classification
|i unmediated -- volume
|k v.14
|l 1979
|m A14839431447
|
| 952 |
f |
f |
|p ric
|a Texas A&M University
|b Rellis Campus
|c Joint Library Facility
|d Remote Storage
|t 0
|e QC1 .P657
|h Library of Congress classification
|i unmediated -- volume
|k v.42:no.1-3
|l 2007:Jan.-May
|m A14836421817
|
| 952 |
f |
f |
|p ric
|a Texas A&M University
|b Rellis Campus
|c Joint Library Facility
|d Remote Storage
|t 0
|e QC1 .P657
|h Library of Congress classification
|i unmediated -- volume
|k v.17
|l 1982
|m A14825715960
|
| 952 |
f |
f |
|p ric
|a Texas A&M University
|b Rellis Campus
|c Joint Library Facility
|d Remote Storage
|t 0
|e QC1 .P657
|h Library of Congress classification
|i unmediated -- volume
|k v.21
|l 1986
|m A14839431489
|
| 952 |
f |
f |
|p ric
|a Texas A&M University
|b Rellis Campus
|c Joint Library Facility
|d Remote Storage
|t 0
|e QC1 .P657
|h Library of Congress classification
|i unmediated -- volume
|k v.18
|l 1983
|m A14811120894
|
| 952 |
f |
f |
|p ric
|a Texas A&M University
|b Rellis Campus
|c Joint Library Facility
|d Remote Storage
|t 0
|e QC1 .P657
|h Library of Congress classification
|i unmediated -- volume
|k v.50:no.4-6
|l 2015:July-Nov.
|m A14843488272
|
| 952 |
f |
f |
|p ric
|a Texas A&M University
|b Rellis Campus
|c Joint Library Facility
|d Remote Storage
|t 0
|e QC1 .P657
|h Library of Congress classification
|i unmediated -- volume
|k v.15
|l 1980
|m A14843465981
|
| 998 |
f |
f |
|a QC1 .P657
|s v.5-50 (1970-2015)
|t 0
|l Remote Storage
|